[Event "Lindores Abbey Tal Blitz 2021"]
[Site "Riga"]
[Date "2021.11.08"]
[Round "17.3"]
[White "Korobov, Anton"]
[Black "Erigaisi Arjun"]
[Result "0-1"]
[WhiteElo "2684"]
[BlackElo "2627"]
[Annotator "TA"]
[PlyCount "90"]
[EventDate "2021.11.02"]
[EventType "swiss"]
[EventCountry "LAT"]
[SourceTitle "playchess.com"]
[Source "ChessBase"]
[SourceQuality "1"]

1. d4 d5 2. c4 c6 3. Nc3 Nf6 4. cxd5 cxd5 5. Bg5 e6 6. e3 Be7 7. Bd3 Nc6 8. Rc1
h6 9. Bh4 Qb6 10. Qe2 Ne4 11. Bxe7 Nxc3 12. Rxc3 Kxe7 13. Nf3 Bd7 14. O-O Rhc8
15. Rfc1 Qd8 16. a3 Kf8 17. e4 Ne7 18. e5 Rxc3 19. Rxc3 Rc8 20. Qd2 a6 21. h4
Rxc3 22. Qxc3 Qc8 23. Qc5 Qxc5 24. dxc5 Nc6 25. Kf1 Ke7 26. Ke2 f6 27. exf6+
Kxf6 28. b4 e5 29. Bb1 e4 30. Nd2 Nd4+ 31. Ke3 Nf5+ 32. Ke2 Bb5+ 33. Ke1 Nxh4
34. g3 Nf5 35. Ba2 Ke5 36. f4+ Kd4 37. Nb3+ Ke3 38. Na5 d4 39. Bd5 d3 40. Kd1
Ba4+ 41. Bb3 Bxb3+ 42. Nxb3 Nxg3 43. a4 h5 44. b5 axb5 45. axb5 h4 0-1

[Event "Lindores Abbey Tal Blitz 2021"]
[Site "Riga"]
[Date "2021.11.08"]
[Round "17.4"]
[White "Sevian, Samuel"]
[Black "Xiong, Jeffery"]
[Result "1/2-1/2"]
[WhiteElo "2668"]
[BlackElo "2687"]
[Annotator "TA"]
[PlyCount "101"]
[EventDate "2021.11.02"]
[EventType "swiss"]
[EventCountry "LAT"]
[SourceTitle "playchess.com"]
[Source "ChessBase"]
[SourceQuality "1"]

1. e4 c6 2. d4 d5 3. Nc3 dxe4 4. Nxe4 Nf6 5. Nxf6+ exf6 6. c3 Bd6 7. Bd3 O-O 8.
Qc2 Re8+ 9. Ne2 h5 10. Be3 Nd7 11. Ng3 h4 12. Ne4 Bc7 13. O-O-O Nb6 14. c4 f5
15. Nc3 f4 16. Bd2 Qxd4 17. Ne4 Bg4 18. Bc3 Bxd1 19. Rxd1 Qd8 20. Nf6+ gxf6 21.
Bh7+ Kg7 22. Rxd8 Raxd8 23. Bd3 Be5 24. Ba5 Bd4 25. a3 Re5 26. Bb4 a5 27. Bd2
Bxf2 28. Kb1 Be3 29. Bc3 Bd4 30. Bd2 Be3 31. Bc3 Rg5 32. Qe2 Na4 33. Be1 Nc5
34. Bc2 h3 35. gxh3 Ne6 36. Bc3 Nd4 37. Bxd4 Rxd4 38. Bd3 a4 39. Ka2 Rg1 40. h4
f5 41. c5 Kh6 42. Qc2 Rd5 43. Bc4 Rd2 44. Qxf5 Rgg2 45. Qf6+ Kh5 46. Qxf7+ Kxh4
47. Qh7+ Kg5 48. Qg7+ Kh4 49. Qh7+ Kg5 50. Qg7+ Kh5 51. Qf6 1/2-1/2

[Event "Lindores Abbey Tal Blitz 2021"]
[Site "Riga"]
[Date "2021.11.08"]
[Round "17.5"]
[White "Nihal Sarin"]
[Black "Vachier-Lagrave, Maxime"]
[Result "1/2-1/2"]
[WhiteElo "2650"]
[BlackElo "2766"]
[Annotator "ChessBase"]
[PlyCount "108"]
[EventDate "2021.11.02"]
[EventType "swiss"]
[EventCountry "LAT"]
[SourceTitle "playchess.com"]
[Source "ChessBase"]
[SourceQuality "1"]

1. Nf3 d5 2. d4 Nf6 3. Bf4 e6 4. e3 Bd6 5. Bg3 O-O 6. Nbd2 b6 7. Bd3 Ba6 8. O-O
Bxd3 9. cxd3 Bxg3 10. hxg3 c5 11. Rc1 Qd6 12. e4 Qe7 13. dxc5 bxc5 14. Re1 Nbd7
15. Qa4 Rfc8 16. Qa3 a5 17. d4 Nxe4 18. Nxe4 dxe4 19. Rxe4 Qf8 20. dxc5 Rxc5
21. Rxc5 Qxc5 22. Qxc5 Nxc5 23. Rc4 Nd3 24. b3 h6 25. Kf1 Nb4 26. a3 Nd5 27.
Nd4 Kf8 28. Nc6 Ne7 29. Nd4 g6 30. Ke2 Rd8 31. Nc6 Nxc6 32. Rxc6 Rb8 33. Rc3 h5
34. b4 axb4 35. Rb3 Ke7 36. axb4 Kd6 37. Kd3 Kd5 38. Rb2 Ra8 39. Kc3 Ra3+ 40.
Rb3 Ra1 41. b5 Kc5 42. b6 Ra8 43. Kd3 Rb8 44. Ke4 f6 45. b7 Kc6 46. Rf3 f5+ 47.
Ke5 Rxb7 48. Kxe6 Kc5 49. Kf6 Rb6+ 50. Kg5 Kd4 51. Re3 Rb2 52. Rf3 Rb6 53. Re3
Rb2 54. Rf3 Rb6 1/2-1/2

[Event "Lindores Abbey Tal Blitz 2021"]
[Site "Riga"]
[Date "2021.11.08"]
[Round "17.6"]
[White "Mamedov, Rauf"]
[Black "Navara, David"]
[Result "0-1"]
[WhiteElo "2673"]
[BlackElo "2699"]
[Annotator "ChessBase"]
[PlyCount "106"]
[EventDate "2021.11.02"]
[EventType "swiss"]
[EventCountry "LAT"]
[SourceTitle "playchess.com"]
[Source "ChessBase"]
[SourceQuality "1"]

1. Nf3 d5 2. g3 g6 3. Bg2 Bg7 4. O-O e5 5. d3 Nc6 6. e4 Nge7 7. exd5 Nxd5 8.
Nbd2 O-O 9. a3 a5 10. Re1 Re8 11. Rb1 h6 12. c4 Nf6 13. b4 axb4 14. axb4 Bg4
15. b5 Nd4 16. h3 Nxf3+ 17. Nxf3 Bxf3 18. Bxf3 e4 19. dxe4 Qxd1 20. Rxd1 Nxe4
21. Bf4 Ra3 22. Kg2 Ra2 23. Bxe4 Rxe4 24. Rd8+ Kh7 25. Rd7 g5 26. Bxc7 Rxc4 27.
Bb6 Kg6 28. Rbd1 Rb2 29. R1d6+ f6 30. Rd5 Rcb4 31. Bd4 Rd2 32. b6 Bf8 33. Be3
Rxd5 34. Rxd5 Re4 35. Rd8 Bb4 36. Rg8+ Kf7 37. Rh8 Bf8 38. Kf3 Rc4 39. h4 Kg7
40. Rxf8 Kxf8 41. hxg5 hxg5 42. g4 Kf7 43. Kg3 Kg6 44. f3 f5 45. gxf5+ Kxf5 46.
Kf2 Rc2+ 47. Kg3 Rc3 48. Kf2 Rb3 49. Ke2 Rb2+ 50. Kd3 Ra2 51. Kd4 Ra3 52. Bxg5
Kxg5 53. Kc5 Rd3 0-1

[Event "Lindores Abbey Tal Blitz 2021"]
[Site "Riga"]
[Date "2021.11.08"]
[Round "17.7"]
[White "Onyshchuk, Volodymyr"]
[Black "Fedoseev, Vladimir"]
[Result "0-1"]
[WhiteElo "2622"]
[BlackElo "2704"]
[Annotator "ChessBase"]
[PlyCount "120"]
[EventDate "2021.11.02"]
[EventType "swiss"]
[EventCountry "LAT"]
[SourceTitle "playchess.com"]
[Source "ChessBase"]
[SourceQuality "1"]

1. e4 e5 2. Nf3 Nc6 3. Bc4 Nf6 4. d3 h6 5. c3 d6 6. Nbd2 a5 7. Bb3 g6 8. O-O
Bg7 9. Re1 O-O 10. Nf1 d5 11. exd5 Nxd5 12. Ng3 f5 13. h3 Kh7 14. Ba4 Nde7 15.
Qe2 Bd7 16. Bc2 Nd5 17. a4 Qf6 18. Bd2 Rae8 19. Qd1 Qd6 20. Qc1 b6 21. Qd1 Bc8
22. Nf1 Ba6 23. Ne3 Nf4 24. Nc4 Bxc4 25. Bxf4 Ba6 26. Bh2 Qd5 27. Qd2 Re7 28.
Rad1 Rd8 29. Qc1 Qf7 30. Qb1 Kh8 31. Re3 f4 32. Ree1 g5 33. Nd2 Red7 34. Ne4
Ne7 35. g4 Qe6 36. Kf1 Qc6 37. f3 Ng6 38. Bg1 Nh4 39. Ke2 Ng6 40. Bf2 Kg8 41.
Rh1 Kf8 42. h4 gxh4 43. Bxh4 Re8 44. Bf2 Red8 45. Rh5 Ne7 46. Kf1 Nd5 47. Kg2
Ne3+ 48. Bxe3 fxe3 49. Kf1 Rf7 50. Ke2 Kg8 51. Rdh1 Qd5 52. Kxe3 Rdf8 53. R1h3
Rf4 54. Kd2 R8f7 55. Qe1 Rd7 56. Qe2 Qc6 57. Kc1 Kf8 58. g5 hxg5 59. Rxg5 Bh6
60. Rgh5 Rxe4+ 0-1

[Event "Lindores Abbey Tal Blitz 2021"]
[Site "Riga"]
[Date "2021.11.08"]
[Round "17.9"]
[White "Svidler, Peter"]
[Black "Pichot, Alan"]
[Result "1-0"]
[WhiteElo "2694"]
[BlackElo "2630"]
[Annotator "ChessBase"]
[PlyCount "83"]
[EventDate "2021.11.02"]
[EventType "swiss"]
[EventCountry "LAT"]
[SourceTitle "playchess.com"]
[Source "ChessBase"]
[SourceQuality "1"]

1. e4 e5 2. Nf3 Nc6 3. Bb5 a6 4. Ba4 Nf6 5. d3 b5 6. Bb3 Bc5 7. Nc3 h6 8. Nd5
d6 9. c3 Rb8 10. O-O Nxd5 11. Bxd5 Ne7 12. Bb3 Ng6 13. d4 exd4 14. cxd4 Bb6 15.
Be3 O-O 16. Rc1 Bb7 17. Qc2 c5 18. dxc5 dxc5 19. Rfd1 Qe7 20. Bxc5 Bxc5 21.
Qxc5 Qxc5 22. Rxc5 Bxe4 23. Nd4 Rbd8 24. f3 Bb7 25. Kf2 Rd7 26. Nf5 Rfd8 27.
Rxd7 Rxd7 28. Ke3 Kf8 29. a4 bxa4 30. Bxa4 Rd8 31. Rc7 Bd5 32. b4 Ne5 33. Kd4
Be6+ 34. Kxe5 Rd5+ 35. Ke4 Rxf5 36. Ra7 Rh5 37. h3 Rh4+ 38. f4 g5 39. g3 Rxh3
40. f5 Bc4 41. f6 Kg8 42. Kd4 1-0

[Event "Lindores Abbey Tal Blitz 2021"]
[Site "Riga"]
[Date "2021.11.08"]
[Round "17.10"]
[White "Sargissian, Gabriel"]
[Black "Hovhannisyan, Robert"]
[Result "1-0"]
[WhiteElo "2664"]
[BlackElo "2622"]
[Annotator "TA"]
[PlyCount "75"]
[EventDate "2021.11.02"]
[EventType "swiss"]
[EventCountry "LAT"]
[SourceTitle "playchess.com"]
[Source "ChessBase"]
[SourceQuality "1"]

1. d4 d5 2. c4 c6 3. Nf3 Nf6 4. Nc3 e6 5. Bg5 h6 6. Bh4 Be7 7. e3 Nbd7 8. Bd3
dxc4 9. Bxc4 b5 10. Bd3 Bb7 11. O-O a6 12. Bxf6 Nxf6 13. Ne4 Nd7 14. Rc1 Rc8
15. Nc5 Nxc5 16. dxc5 O-O 17. b4 a5 18. a3 Bf6 19. Qc2 Ra8 20. Bh7+ Kh8 21. Be4
axb4 22. axb4 Ra4 23. Rfd1 Qc7 24. Rb1 Rd8 25. Rxd8+ Qxd8 26. g3 g6 27. Kg2 Kg7
28. Rd1 Qa8 29. Bxg6 Qc8 30. Bxf7 Kxf7 31. Qh7+ Ke8 32. Qxh6 Ke7 33. Qh7+ Ke8
34. Nh4 Bxh4 35. Qxh4 Ra2 36. Qh8+ Ke7 37. Qg7+ Ke8 38. Rd4 1-0

[Event "Lindores Abbey Tal Blitz 2021"]
[Site "Riga"]
[Date "2021.11.08"]
[Round "17.11"]
[White "Petrosyan, Manuel"]
[Black "Matlakov, Maxim"]
[Result "1-0"]
[WhiteElo "2599"]
[BlackElo "2691"]
[Annotator "TA"]
[PlyCount "71"]
[EventDate "2021.11.02"]
[EventType "swiss"]
[EventCountry "LAT"]
[SourceTitle "playchess.com"]
[Source "ChessBase"]
[SourceQuality "1"]

1. Nf3 d5 2. e3 Nf6 3. c4 c6 4. Nc3 e6 5. d4 Nbd7 6. Be2 Bd6 7. O-O O-O 8. Qc2
b6 9. e4 Nxe4 10. Nxe4 dxe4 11. Qxe4 Bb7 12. Bd3 Nf6 13. Qh4 c5 14. d5 exd5 15.
Bg5 h6 16. Bxh6 gxh6 17. Qxh6 dxc4 18. Bf5 Re8 19. Ng5 Qe7 20. Rae1 Qf8 21.
Bh7+ Kh8 22. Qxf6+ Qg7 23. Rxe8+ Rxe8 24. Nxf7+ Kxh7 25. Qxg7+ Kxg7 26. Nxd6
Re2 27. Nxb7 Rxb2 28. Rc1 c3 29. g4 c2 30. Kg2 Rxa2 31. Kf3 a5 32. Nd6 Rb2 33.
Nc4 Rb3+ 34. Ke2 b5 35. Nxa5 Ra3 36. Rxc2 1-0

[Event "Lindores Abbey Tal Blitz 2021"]
[Site "Riga"]
[Date "2021.11.08"]
[Round "17.13"]
[White "Sarana, Alexey"]
[Black "Dreev, Aleksey"]
[Result "1-0"]
[WhiteElo "2656"]
[BlackElo "2635"]
[Annotator "TA"]
[PlyCount "99"]
[EventDate "2021.11.02"]
[EventType "swiss"]
[EventCountry "LAT"]
[SourceTitle "playchess.com"]
[Source "ChessBase"]
[SourceQuality "1"]

1. d4 Nf6 2. c4 e6 3. Nc3 d5 4. cxd5 exd5 5. Bg5 c6 6. e3 Be7 7. Bd3 O-O 8.
Nge2 h6 9. Bh4 Re8 10. Qc2 a5 11. O-O Na6 12. a3 Nc7 13. Rae1 Ne6 14. f3 b5 15.
Bf2 b4 16. axb4 Bxb4 17. Rc1 c5 18. dxc5 Nxc5 19. Bb5 Bd7 20. Rfd1 Bxb5 21.
Nxb5 Rc8 22. Qf5 Nb3 23. Rc2 a4 24. Ned4 Nxd4 25. Nxd4 Rxc2 26. Qxc2 Qd7 27.
Nc6 Rc8 28. Rc1 Kh8 29. Qxa4 Bd2 30. Rc2 Qe8 31. Rxd2 Rxc6 32. Rd1 Qc8 33. Be1
Rc4 34. Qb3 Qe6 35. Qd3 Rc8 36. Bc3 Re8 37. Kf2 Kg8 38. b4 Nd7 39. Qd4 Nf6 40.
b5 Rc8 41. Qd3 Nd7 42. Bd4 Qe7 43. b6 Nf8 44. Rb1 Qb7 45. Be5 Ne6 46. Kg1 Rc6
47. Qb5 Rc8 48. h3 h5 49. Qa4 Ra8 50. Qxa8+ 1-0

[Event "Lindores Abbey Tal Blitz 2021"]
[Site "Riga"]
[Date "2021.11.08"]
[Round "17.14"]
[White "Adly, Ahmed"]
[Black "Deac, Bogdan-Daniel"]
[Result "0-1"]
[WhiteElo "2602"]
[BlackElo "2651"]
[Annotator "TA"]
[PlyCount "88"]
[EventDate "2021.11.02"]
[EventType "swiss"]
[EventCountry "LAT"]
[SourceTitle "playchess.com"]
[Source "ChessBase"]
[SourceQuality "1"]

1. d4 Nf6 2. Nf3 d5 3. g3 e6 4. Bg2 Be7 5. O-O O-O 6. c4 dxc4 7. Qa4 a6 8. Qxc4
b5 9. Qc2 Bb7 10. Bd2 Be4 11. Qc1 c6 12. a4 Nbd7 13. Bg5 Rc8 14. Nc3 Bg6 15.
Nh4 Bh5 16. e4 b4 17. Na2 c5 18. e5 Nd5 19. Bxe7 Nxe7 20. Qg5 Be2 21. Rfe1 Bc4
22. dxc5 a5 23. Re4 Rxc5 24. Rg4 Ng6 25. Qe3 Rxe5 26. Qd4 Bd5 27. Nxg6 hxg6 28.
Bf1 Rf5 29. Nc1 Ne5 30. Be2 Nxg4 31. Bxg4 Bf3 32. Qxd8 Rxd8 33. Bxf3 Rxf3 34.
Kg2 Rf5 35. Ne2 Rd2 36. Kf1 Rxb2 37. Rd1 Ra2 38. Rd8+ Kh7 39. Rb8 e5 40. g4 Rf3
41. Kg2 e4 42. Ng3 Rfxf2+ 43. Kg1 Rg2+ 44. Kf1 Rgb2 0-1

[Event "Lindores Abbey Tal Blitz 2021"]
[Site "Riga"]
[Date "2021.11.08"]
[Round "17.15"]
[White "Zvjaginsev, Vadim"]
[Black "Esipenko, Andrey"]
[Result "0-1"]
[WhiteElo "2609"]
[BlackElo "2713"]
[Annotator "RC"]
[PlyCount "62"]
[EventDate "2021.11.02"]
[EventType "swiss"]
[EventCountry "LAT"]
[SourceTitle "playchess.com"]
[Source "ChessBase"]
[SourceQuality "1"]

1. c4 e5 2. Nc3 Bb4 3. Nd5 a5 4. a3 Bc5 5. e3 d6 6. d4 Ba7 7. Nc3 Nd7 8. Nf3
Ngf6 9. Be2 O-O 10. O-O Re8 11. b3 c6 12. b4 e4 13. Nd2 d5 14. bxa5 Bb8 15. Nb3
Nf8 16. cxd5 cxd5 17. Nc5 Rxa5 18. a4 b6 19. Nb3 Qc7 20. g3 Qxc3 21. Bd2 Qc7
22. Rc1 Qd8 23. Nxa5 bxa5 24. Qb3 Bh3 25. Rfe1 Ne6 26. Qb5 Bc7 27. Rc2 h5 28.
Rec1 Kh7 29. Rc6 Re7 30. Bxa5 Bxa5 31. Rc8 Qb6 0-1

[Event "Lindores Abbey Tal Blitz 2021"]
[Site "Riga"]
[Date "2021.11.08"]
[Round "17.16"]
[White "Howell, David W L"]
[Black "Anton Guijarro, David"]
[Result "0-1"]
[WhiteElo "2648"]
[BlackElo "2669"]
[Annotator "TA"]
[PlyCount "101"]
[EventDate "2021.11.02"]
[EventType "swiss"]
[EventCountry "LAT"]
[SourceTitle "playchess.com"]
[Source "ChessBase"]
[SourceQuality "1"]

1. c4 Nf6 2. Nc3 g6 3. d4 Bg7 4. Nf3 O-O 5. g3 d5 6. cxd5 Nxd5 7. Bg2 Nxc3 8.
bxc3 c5 9. O-O Nc6 10. Be3 Be6 11. Qa4 Qa5 12. Qxa5 Nxa5 13. dxc5 Bd5 14. Rfd1
e6 15. Bd4 Rfc8 16. Nd2 Bxg2 17. Kxg2 e5 18. Be3 Rc7 19. Rab1 Bf8 20. Rb5 Nc6
21. Nc4 f6 22. Rdb1 Nd8 23. Na5 Rb8 24. c4 Kf7 25. c6 Nxc6 26. Nxc6 Rxc6 27.
Rxb7+ Rxb7 28. Rxb7+ Ke6 29. Rxh7 a5 30. Ra7 Bb4 31. c5 Kd5 32. g4 f5 33. f3 f4
34. Bf2 g5 35. Rg7 Bxc5 36. Rxg5 Bxf2 37. Kxf2 Rc2 38. h4 Rxa2 39. Rg6 e4 40.
fxe4+ Kxe4 41. Re6+ Kd5 42. Ra6 Ke4 43. Ra8 Ra1 44. h5 a4 45. Re8+ Kd5 46. Kf3
a3 47. Ra8 a2 48. Kg2 Ke4 49. h6 Ke3 50. h7 Kxe2 51. h8=Q 0-1

[Event "Lindores Abbey Tal Blitz 2021"]
[Site "Riga"]
[Date "2021.11.08"]
[Round "17.17"]
[White "Niemann, Hans Moke"]
[Black "Kravtsiv, Martyn"]
[Result "1-0"]
[WhiteElo "2635"]
[BlackElo "2616"]
[Annotator "TA"]
[PlyCount "97"]
[EventDate "2021.11.02"]
[EventType "swiss"]
[EventCountry "LAT"]
[SourceTitle "playchess.com"]
[Source "ChessBase"]
[SourceQuality "1"]

1. d4 Nf6 2. Nc3 d5 3. Bf4 e6 4. e3 Bb4 5. Nge2 O-O 6. a3 Be7 7. Ng1 Bd6 8. Nf3
Bxf4 9. exf4 b6 10. Bd3 c5 11. O-O Nc6 12. Re1 Bb7 13. Bb5 Ne7 14. Ne5 Nf5 15.
Ne2 Nd6 16. Bc6 Bxc6 17. Nxc6 Qc7 18. Ne5 Nf5 19. c3 Ne4 20. f3 Ned6 21. Rc1 f6
22. Ng4 Nc4 23. Qc2 Rac8 24. a4 Qd7 25. b3 Ncd6 26. Qd1 a5 27. Ng3 c4 28. Ne3
Nxe3 29. Rxe3 cxb3 30. Qxb3 Nc4 31. Re2 Rc6 32. Rce1 g6 33. Qb5 Qc8 34. h4 Kg7
35. h5 f5 36. hxg6 hxg6 37. Nh1 Nd6 38. Qb1 Ne8 39. Nf2 Nc7 40. Qb3 Qd8 41. g3
Rh8 42. Kg2 Rc4 43. Nd3 Qg8 44. Rh1 Rxh1 45. Kxh1 Qe8 46. Ra2 Qc6 47. Ra3 b5
48. Ne5 bxa4 49. Qxc4 1-0

[Event "Lindores Abbey Tal Blitz 2021"]
[Site "Riga"]
[Date "2021.11.08"]
[Round "17.18"]
[White "Predke, Alexandr"]
[Black "Grandelius, Nils"]
[Result "1/2-1/2"]
[WhiteElo "2668"]
[BlackElo "2669"]
[Annotator "TA"]
[PlyCount "90"]
[EventDate "2021.11.02"]
[EventType "swiss"]
[EventCountry "LAT"]
[SourceTitle "playchess.com"]
[Source "ChessBase"]
[SourceQuality "1"]

1. d4 d5 2. c4 e6 3. Nc3 a6 4. cxd5 exd5 5. Nf3 h6 6. Bf4 Nf6 7. e3 Bd6 8. Be5
c6 9. h3 O-O 10. Bd3 Re8 11. O-O Bxe5 12. Nxe5 c5 13. a4 cxd4 14. exd4 Nc6 15.
Nxc6 bxc6 16. a5 Rb8 17. Qd2 Qd6 18. Na4 Ne4 19. Bxe4 dxe4 20. Nc5 Qg6 21. Ra3
Rd8 22. Rd1 f5 23. Qc1 Qf6 24. Ra4 Rb5 25. Qc3 Qe7 26. Re1 Qf7 27. b3 Kh7 28.
f3 exf3 29. Qxf3 Qf6 30. Qf4 Rd5 31. Kh2 Qd8 32. Re5 Qd6 33. Rc4 Rxa5 34. Nd3
Rab5 35. Rxd5 Qxd5 36. Rc5 Qxb3 37. Ne5 Rxc5 38. dxc5 Qd5 39. Qg3 Qxc5 40. Qg6+
Kg8 41. Qf7+ Kh7 42. Qg6+ Kg8 43. Qf7+ Kh7 44. Qg6+ Kg8 45. Qf7+ Kh7 1/2-1/2

[Event "Lindores Abbey Tal Blitz 2021"]
[Site "Riga"]
[Date "2021.11.08"]
[Round "17.21"]
[White "Indjic, Aleksandar"]
[Black "Kovalenko, Igor"]
[Result "1-0"]
[WhiteElo "2612"]
[BlackElo "2668"]
[Annotator "TA"]
[PlyCount "59"]
[EventDate "2021.11.02"]
[EventType "swiss"]
[EventCountry "LAT"]
[SourceTitle "playchess.com"]
[Source "ChessBase"]
[SourceQuality "1"]

1. d4 Nf6 2. Nf3 g6 3. c4 Bg7 4. Nc3 d6 5. Bg5 h6 6. Bh4 c6 7. h3 g5 8. Bg3 Bf5
9. e3 Qb6 10. Qb3 Nbd7 11. Be2 Ne4 12. Bh2 e5 13. O-O exd4 14. exd4 O-O 15. Bd3
Ndf6 16. Qc2 Rfe8 17. Rfe1 d5 18. c5 Qd8 19. Be5 Nxc3 20. Bxf5 Nce4 21. b4 a6
22. a4 Re7 23. Re2 Qe8 24. Rae1 a5 25. b5 cxb5 26. axb5 Qxb5 27. Rb1 Qe8 28.
Re3 a4 29. Ra3 Nh5 30. Bd6 1-0

[Event "Lindores Abbey Tal Blitz 2021"]
[Site "Riga"]
[Date "2021.11.08"]
[Round "17.22"]
[White "Movsesian, Sergei"]
[Black "Durarbayli, Vasif"]
[Result "1/2-1/2"]
[WhiteElo "2618"]
[BlackElo "2629"]
[Annotator "TA"]
[PlyCount "109"]
[EventDate "2021.11.02"]
[EventType "swiss"]
[EventCountry "LAT"]
[SourceTitle "playchess.com"]
[Source "ChessBase"]
[SourceQuality "1"]

1. e4 c5 2. Nf3 d6 3. Bb5+ Bd7 4. Bxd7+ Qxd7 5. c4 Nf6 6. Nc3 g6 7. d4 cxd4 8.
Nxd4 Bg7 9. f3 O-O 10. Be3 Nc6 11. O-O a6 12. Qd3 Rab8 13. b3 Nxd4 14. Bxd4 b5
15. cxb5 axb5 16. Rfd1 Rfc8 17. e5 Ne8 18. exd6 Nxd6 19. Nd5 Nf5 20. Bxg7 Kxg7
21. Qe2 Qa7+ 22. Kh1 Rc6 23. g4 Nh4 24. Qe5+ f6 25. Qxe7+ Qxe7 26. Nxe7 Rc7 27.
Nd5 Rc2 28. Ne3 Re2 29. Re1 Rxe1+ 30. Rxe1 Nxf3 31. Rd1 Ra8 32. Kg2 Ne5 33. Rd2
Kf7 34. Kg3 Ke6 35. Nc2 Nc6 36. Re2+ Kd6 37. Rd2+ Ke6 38. Re2+ Kd6 39. Rd2+ Kc5
40. Ne3 Ra7 41. h4 Nb4 42. Rf2 Rxa2 43. Rxf6 Rb2 44. Rf7 Rxb3 45. Kf4 h6 46. g5
hxg5+ 47. hxg5 Nd3+ 48. Ke4 Nb4 49. Rc7+ Kd6 50. Rg7 Nc6 51. Rxg6+ Kc5 52. Re6
Rb4+ 53. Kd3 Rd4+ 54. Ke2 Rd6 55. Rxd6 1/2-1/2

[Event "Lindores Abbey Tal Blitz 2021"]
[Site "Riga"]
[Date "2021.11.08"]
[Round "17.23"]
[White "Cheparinov, Ivan"]
[Black "Saric, Ivan"]
[Result "0-1"]
[WhiteElo "2677"]
[BlackElo "2665"]
[Annotator "TA"]
[PlyCount "84"]
[EventDate "2021.11.02"]
[EventType "swiss"]
[EventCountry "LAT"]
[SourceTitle "playchess.com"]
[Source "ChessBase"]
[SourceQuality "1"]

1. d4 Nf6 2. c4 c5 3. d5 g6 4. Nc3 d6 5. e4 Bg7 6. Nf3 O-O 7. Be2 e6 8. O-O Re8
9. h3 Na6 10. Bd3 Nc7 11. a4 Na6 12. Bf4 exd5 13. exd5 Nb4 14. Bb1 a6 15. Qd2
b6 16. Ng5 Ra7 17. Nge4 Nxe4 18. Nxe4 Be5 19. Bg5 f6 20. Bh4 Bf5 21. Ra3 Bxe4
22. Bxe4 g5 23. Bf5 gxh4 24. Qh6 Kh8 25. Qxh4 Rg8 26. f4 Bxb2 27. Rb3 Bd4+ 28.
Kh1 Rag7 29. Re1 Qc7 30. Re2 b5 31. axb5 axb5 32. cxb5 Qa7 33. Rb1 Nxd5 34.
Rbe1 Ne3 35. Be4 f5 36. Bf3 c4 37. Qh6 Rg6 38. Qh4 c3 39. Rc1 c2 40. Qe1 Qc5
41. Rxe3 Bxe3 42. Rxc2 Qxc2 0-1

[Event "Lindores Abbey Tal Blitz 2021"]
[Site "Riga"]
[Date "2021.11.08"]
[Round "17.24"]
[White "Sasikiran, Krishnan"]
[Black "Vokhidov, Shamsiddin"]
[Result "0-1"]
[WhiteElo "2640"]
[BlackElo "2521"]
[Annotator "TA"]
[PlyCount "84"]
[EventDate "2021.11.02"]
[EventType "swiss"]
[EventCountry "LAT"]
[SourceTitle "playchess.com"]
[Source "ChessBase"]
[SourceQuality "1"]

1. d4 Nf6 2. c4 e6 3. Nf3 d5 4. Nc3 Bb4 5. cxd5 exd5 6. Bf4 O-O 7. e3 c5 8.
dxc5 Qa5 9. Be5 Ne4 10. a3 Bxc3+ 11. Bxc3 Nxc3 12. Qd2 Qxc5 13. Rc1 Nc6 14.
Rxc3 Qb6 15. Nd4 Nxd4 16. exd4 Re8+ 17. Re3 Rxe3+ 18. fxe3 Bf5 19. Be2 Rc8 20.
Bd1 Qa6 21. Be2 Qh6 22. Bd1 Qh4+ 23. Qf2 Qxf2+ 24. Kxf2 Rc1 25. Re1 Rb1 26. b4
Be4 27. Bf3 Rxe1 28. Kxe1 Bxf3 29. gxf3 f5 30. Kf2 Kf7 31. Kg3 g5 32. h4 h6 33.
hxg5 hxg5 34. a4 Kg6 35. Kg2 g4 36. Kg3 Kg5 37. Kg2 Kh4 38. fxg4 Kxg4 39. Kf2
f4 40. a5 a6 41. Ke2 Kg3 42. Kd3 f3 0-1

[Event "Lindores Abbey Tal Blitz 2021"]
[Site "Riga"]
[Date "2021.11.08"]
[Round "17.25"]
[White "Maghsoodloo, Parham"]
[Black "Abasov, Nijat"]
[Result "1-0"]
[WhiteElo "2706"]
[BlackElo "2634"]
[Annotator "ChessBase"]
[PlyCount "63"]
[EventDate "2021.11.02"]
[EventType "swiss"]
[EventCountry "LAT"]
[SourceTitle "playchess.com"]
[Source "ChessBase"]
[SourceQuality "1"]

1. e4 c5 2. Nf3 Nc6 3. d4 cxd4 4. Nxd4 Nf6 5. Nc3 e5 6. Ndb5 d6 7. Nd5 Nxd5 8.
exd5 Nb8 9. a4 Be7 10. Be2 O-O 11. O-O Bf5 12. f4 exf4 13. Bxf4 Bg6 14. a5 a6
15. Nd4 Nd7 16. c4 Ne5 17. b4 Bf6 18. Rc1 Re8 19. Kh1 Rc8 20. Qd2 Qd7 21. Nf3
Be4 22. Nxe5 Bxe5 23. Bf3 Bxf3 24. Rxf3 Bxf4 25. Qxf4 Re5 26. h3 f6 27. Rd1 Qa4
28. Rdf1 Qxb4 29. Qg4 Rxc4 30. Rxf6 h6 31. Qg6 Rc8 32. Rf7 1-0

[Event "Lindores Abbey Tal Blitz 2021"]
[Site "Riga"]
[Date "2021.11.08"]
[Round "17.26"]
[White "Kuzubov, Yuriy"]
[Black "Ivic, Velimir"]
[Result "0-1"]
[WhiteElo "2637"]
[BlackElo "2620"]
[Annotator "TA"]
[PlyCount "82"]
[EventDate "2021.11.02"]
[EventType "swiss"]
[EventCountry "LAT"]
[SourceTitle "playchess.com"]
[Source "ChessBase"]
[SourceQuality "1"]

1. d4 Nf6 2. Nf3 g6 3. Nbd2 c5 4. dxc5 Qa5 5. a3 Qxc5 6. b4 Qc7 7. Bb2 Bg7 8.
c4 d6 9. g3 b6 10. Bg2 Bb7 11. O-O O-O 12. e4 Nbd7 13. Qe2 a6 14. Rfe1 Rac8 15.
Rac1 Qb8 16. Red1 Qa8 17. Ne1 Rc7 18. Nd3 Rfc8 19. f3 b5 20. c5 dxc5 21. bxc5
Nxc5 22. Rxc5 Rxc5 23. e5 Rc2 24. exf6 exf6 25. Qe3 Re8 26. Ne4 Rxb2 27. Nxb2
f5 28. Nd3 fxe4 29. fxe4 Qd8 30. Qe2 Qe7 31. Nb4 h5 32. Qd3 Qc5+ 33. Kf1 a5 34.
Nd5 b4 35. axb4 axb4 36. Bf3 Ra8 37. Qb1 Ra3 38. Kg2 b3 39. Rc1 Qd4 40. Rc7
Ra2+ 41. Kh3 Qf2 0-1

[Event "Lindores Abbey Tal Blitz 2021"]
[Site "Riga"]
[Date "2021.11.08"]
[Round "17.27"]
[White "Kuybokarov, Temur"]
[Black "Bluebaum, Matthias"]
[Result "1-0"]
[WhiteElo "2549"]
[BlackElo "2647"]
[Annotator "TA"]
[PlyCount "111"]
[EventDate "2021.11.02"]
[EventType "swiss"]
[EventCountry "LAT"]
[SourceTitle "playchess.com"]
[Source "ChessBase"]
[SourceQuality "1"]

1. e4 e6 2. d4 d5 3. Nc3 Nf6 4. e5 Nfd7 5. f4 c5 6. Nf3 Be7 7. Be3 O-O 8. Qd2
a6 9. a3 b5 10. dxc5 Nxc5 11. b4 Ne4 12. Nxe4 dxe4 13. Qxd8 Rxd8 14. Nd4 Bb7
15. Be2 Nd7 16. O-O Bd5 17. Nb3 Rdc8 18. Rfc1 f6 19. exf6 gxf6 20. Na5 Rc3 21.
Bd4 Rc7 22. c4 bxc4 23. Rc3 Rac8 24. Rac1 Bd6 25. Be3 f5 26. Nxc4 Kf8 27. Bd2
Be7 28. Nb6 Rxc3 29. Nxd7+ Ke8 30. Rxc3 Rxc3 31. Bxc3 Kxd7 32. Bxa6 Bd8 33. Bd4
Bb3 34. Kf2 Kd6 35. Ke3 Ba4 36. Bc4 Kd7 37. b5 Be7 38. b6 Bxa3 39. b7 Kc7 40.
Be5+ Kxb7 41. Bxe6 Bc1+ 42. Kf2 e3+ 43. Ke1 Bd2+ 44. Ke2 Bb5+ 45. Kd1 Bb4 46.
Bd5+ Kc8 47. Bf3 Kd7 48. Be2 Ba4+ 49. Kc1 Ke6 50. Bd4 Bd2+ 51. Kb2 Kd5 52. Be5
Ke4 53. Ka3 Be8 54. Kb3 Bf7+ 55. Kc2 Be6 56. Bf3# 1-0